1429 1011 1255 1978 1417 1510 1474 1005 1480 1010 1461 1787 1497 1333 1108 1950 1479 1884 1041 1408 1317 1100 1125 1086 1351 1922 1462 1511 1359 1849 1990 1004 1760 1204 1749 1261 1530 1857 1467 1261 1039 1631 1893 1461 1986 1719 1107 1445 1612 1669 1261 1426 1290 1447 1225 1576 1892 1767 1348 1035 1536 1310 1477 1511 1404 1449 1109 1456 1158 1157 1611 1649 1941 1287 1643 1623 1076 1823 1688 1643 1514 1756 1968 1022 1114 1511 1915 1228 1576 1145 1838 1398 1701 1468 1555 1480 1203 1692 1448 BCNSPRNW ULIB Ver.6.0+V

เปลี่ยนเป็นภาษาไทย

Change to English
 แสดงรายละเอียดบรรณานุกรม
  กลับหน้าหลัก

Brief Record : Get Marc (ISO 2709) : E-mail record : QR code < ปิดหน้าต่าง
LEADER : 00000nam 2200000uu 4500
001    13399112002
003     ULIB
008    110719s2551||||th 000 0 tha d
020    9741078349
090    นว.^bอ175อ 2551
100 0   อนาเซีย
245 00  อาณาจักรรักต้องห้าม/^cอนาเซีย
250     พิมพ์ครั้งที่ 1
260     กรุงเทพฯ :^bทูบีเลิฟ,^c2551
300     279 หน้า
945    ^p149^l0^i023615
995     เกษร
999     ^aใช้งานได้ทุกระบบ
รายการนี้ยังไม่มีแท็ก
คุณยังไม่ได้ล็อกอิน คุณสามารถมีกิจกรรมร่วมกับเว็บไซต์ได้ แต่ต้องล็อกอินก่อน ::
  ล็อกอิน

รายการสื่อสารสนเทศ

ลำดับที่ ประเภท เลขเรียก/บาร์โค้ด สถานที่ สถานะ
1. นวนิยาย
นวนิยาย
นว. อ175อ 2551  
  Barcode: 023615
ห้องสมุดวิทยาเขตสวรรค์ประชารักษ์
►นวนิยาย
บนชั้น
  ขอยืม

BibComment


ยังไม่เคยถูกคอมเมนท์

คอมเมนท์ทรัพยากรรายการนี้
  คอมเมนท์: อาณาจักรรักต้องห..


 Copyright 2026. Bcnsprnw @Library